00422nam a2200145 a 450000500170000000800410001702000180005805000230007610000190009924500570011826000390017530000220021465000230023665000170025920140412111232.0010522s19uu xx 00 eng d a0-590-41881-5 aTR(PS EbLi72 1986 aSchmidt, Karen aLittle red riding hood /cpictures by Karen Schmidt. aNew York :bScholastic Inc,c1986. a1v. (unp.) ; ill. aChildren's stories aWolf-Stories